| 000 | 00441nam a2200157Ia 4500 | ||
|---|---|---|---|
| 008 | 230312s9999||||xx |||||||||||||| ||und|| | ||
| 020 | _a0-07-150070-7 | ||
| 082 |
_a615.82 _bPRE-T |
||
| 100 | _aPrentice;William.E | ||
| 245 | 0 | _aTherapeutic Modalities for Physical Therapists | |
| 260 |
_bMcGraw Hill _aUSA _c2002 |
||
| 300 | _a548 | ||
| 546 | _aEng. | ||
| 650 |
_aPhysiotherapy _vTherapeutic Modalities for Physical Therapists |
||
| 942 | _cBK | ||
| 999 |
_c7918 _d7918 |
||